[Event "Madrid-ch U16"]
[Site "Madrid"]
[Date "2019.03.30"]
[Round "1"]
[White "Andrade Sandoval, Bianca"]
[Black "Simon Novillo, Daniel"]
[Result "1/2-1/2"]
[WhiteElo "1879"]
[BlackElo "1449"]
[PlyCount "74"]
[EventDate "2019.03.30"]
[EventType "swiss"]
[EventRounds "6"]
[EventCountry "ESP"]
[SourceTitle "EXT 2021"]
[Source "ChessBase"]
[SourceDate "2020.10.23"]
[SourceVersion "1"]
[SourceVersionDate "2020.10.23"]
[SourceQuality "1"]

1. d4 d5 2. Bf4 e6 3. Nf3 Nf6 4. e3 Be7 5. h3 0-0 6. Bd3 b6 7. Nbd2 Bb7 8. c3 Nbd7 9. 0-0 c5 10. Ne5 Rc8 11. Ndf3 Ne4 12. Nxd7 Qxd7 13. Ne5 Qd8 14. f3 Nf6 15. Bh2 Nd7 16. f4 Qe8 17. Bb5 Rc7 18. Nxd7 Rxd7 19. Bxd7 Qxd7 20. Qe2 Qc8 21. Qf3 Ba6 22. Rf2 Bd3 23. Qd1 c4 24. b3 Ba3 25. bxc4 Qxc4 26. Qb3 Be7 27. Qxc4 Bxc4 28. Rd1 g6 29. g4 f5 30. Bg3 Rc8 31. Rg2 Ba6 32. Be1 Kf7 33. Kh2 Rc7 34. Kg3 Rc8 35. h4 fxg4 36. Kxg4 h5+ 37. Kf3 Kf6 1/2-1/2